| 000 | 01031nam a2200325Ia 4500 | ||
|---|---|---|---|
| 003 | OSt | ||
| 005 | 20220912145052.0 | ||
| 006 | a|||||r|||| 00| 0 | ||
| 007 | ta | ||
| 008 | 220909b |||||||| |||| 00| 0 eng d | ||
| 020 | _a9781848164475 (hbd) | ||
| 024 | _a126409 | ||
| 037 | _b3771, 28/03/2011, New India Book Agency | ||
| 037 | _cTextbook | ||
| 040 |
_aCSL _beng _cCSL |
||
| 041 | _aeng | ||
| 082 | _aD65,8(B), Q1 TD | ||
| 100 | _aYu Zhenwei | ||
| 245 | 0 | _aIntrusion detection:a machine learning | |
| 260 |
_aLondon _bImperial College Press _c2011 |
||
| 300 |
_axii, 171p. _ccm. |
||
| 490 | _aSeries in electrical and computer engineering, 3 | ||
| 500 | _aBibliography 159-168p.; Index 169-171p. | ||
| 650 | _a Computational engineering | ||
| 650 | _a Electrical engineering | ||
| 650 | _aComputer Science | ||
| 700 | _a Tsai Jeffrey J P | ||
| 942 |
_hD65,8(B), Q1 TD _cTB _2CC |
||
| 999 |
_c22299 _d22299 |
||